| 000 | 00806cab a2200205 4500 | ||
|---|---|---|---|
| 001 | X2416 | ||
| 008 | 090401t1995 xxu||||| |||| 00| 0 eng d | ||
| 035 | _a(Sirsi) u24083 | ||
| 041 | _aeng | ||
| 245 | _aMannai Investment Co Ltd v Eagle Star Life Assurance Co Lt | ||
| 260 | _c1995 | ||
| 350 | _a0 | ||
| 490 |
_aNew Property Cases _v(1995) NPC 117 |
||
| 520 | _aCA 5 July 1995. There is no distinction between a clause in a lease requiring notice of determination to be given to expire `on the anniversary of the commencement date` of the term and a clause referring to expiry `at the end of` any particular year. NOT TO BE PHOTOCOPIED. | ||
| 650 | _aCOMMENCEMENT DATE | ||
| 650 | _aDETERMINATION | ||
| 690 | _aLANDLORD AND TENANT-CASE LAW-BUSINESS TENANCIES | ||
| 942 | _n0 | ||
| 948 | _c04/03/1997 | ||
| 999 |
_c16131 _d16131 |
||